Every NBA team with a ring - Statistics

General Stats
  • This quiz has been taken 63 times
  • The average score is 17 of 20
Answer Stats
Hint Answer % Correct
18 rings Boston Celtics
100%
17 rings Los Angeles Lakers
100%
3 rings ↓ Miami Heat
94%
5 rings San Antonio Spurs
94%
7 rings Golden State Warriors
92%
6 rings Chicago Bulls
90%
New York Knicks
90%
Philadelphia 76ers
90%
1 ring ↓ Denver Nuggets
88%
Detroit Pistons
88%
Houston Rockets
87%
Oklahoma City Thunder
87%
Cleveland Cavaliers
85%
Dallas Mavericks
85%
2 rings ↓ Milwaukee Bucks
85%
Toronto Raptors
85%
Atlanta Hawks
77%
Portland Trail Blazers
73%
Sacramento Kings
69%
Washington Wizards
69%
No matching quizzes found
Score Distribution
Percent of People with Each Score
Percentile by Number Answered
Your Score History
You have not taken this quiz